Power, Politics, and Tradition in the Mongol Empire and the Ilkhanate of Iran (Бичлэгийн дугаар. 144362)
| 000 -УДИРДЛАГА | |
|---|---|
| Удирдлага | 01732nam a2200373 4500 |
| 003 - ХЯНАЛТЫН ТОО ТОДОРХОЙЛОГЧ | |
| Код | MN-UlNUM |
| 005 - БИЧИЛТ ХИЙСЭН ОГНОО | |
| Тухайн бичилтийг бичсэн засварласан сүүлийн огноо | 20251009101547.0 |
| 008 - ЕРӨНХИЙ МЭДЭЭЛЭЛ | |
| Ерөнхий мэдээлэл | 250929s2016 enkb|||| |||| 001 | eng d |
| 020 ## - ISBN | |
| ISBN | 9780198768593 |
| 040 ## - БИЧЛЭГ ҮҮСГЭГЧ БАЙГУУЛЛАГА | |
| Бичлэг үүсгэгч номын сангийн код | МУИС-ийн номын сан |
| 084 ## - ББК АНГИЛАЛ | |
| Нэмэлт тусгалт | Нэг сэдэвт бүтээл |
| Мэдлэгийн ялгаа | 63 - Түүх |
| ББК ангилал | 63.3(1+5Irn) |
| Зохиогчийн гурван тэмдэгт | H 79 |
| 100 1# - ЗОХИОГЧ | |
| Зохиогчийн нэр | Hope, Michael |
| 240 ## - Шифр - Номын наалт, тайланд хэрэглэх | |
| Ангилалын дугаар /Зохиогчийн 3 тэмдэгт | 63.3(1+5Irn) H 79 |
| 245 10 - ҮНДСЭН ГАРЧИГ | |
| Номын нэр | Power, Politics, and Tradition in the Mongol Empire and the Ilkhanate of Iran |
| 250 ## - ДАХИН ХЭВЛЭЛТ | |
| Дахин гаралтын дугаар | First Edition |
| 260 ## - ГАРАЛТЫН МЭДЭЭ | |
| Хэвлэгдсэн газар | Oxford |
| Хэвлэлийн газар | Oxford University Press |
| Хэвлэгдсэн он | 2016 |
| 300 ## - МАТЕРИАЛЫН ТОДОРХОЙЛОЛТ | |
| хуудасны тоо | x, 238 pages : |
| Бусад тоон мэдээлэл | illustrations, maps ; |
| Хэмжээ | 24 cm |
| 500 ## - Тайлбар | |
| Дансны дугаар | ГФ 20860 |
| 505 ## - Агуулгын тэмдэглэгээ | |
| Агуулгын тэмдэглэгээ | This study provides a new interpretation of how political authority was conceived and transmitted in the Early Mongol Empire (1227-1259) and its successor state in the Middle East, the Īlkhānate (1258-1335). Authority within the Mongol Empire was intimately tied to the character of its founder, Chinggis Khan, whose reign served as an idealized model for the exercise of legitimate authority amongst his political successors. |
| 546 ## - ХЭЛНИЙ ТУХАЙ МЭДЭЭ | |
| Хэл | Англи хэл дээр, |
| 653 ## - Түлхүүр үг | |
| Түлхүүр үг | history |
| 653 ## - Түлхүүр үг | |
| Түлхүүр үг | history of Mongolia |
| 653 ## - Түлхүүр үг | |
| Түлхүүр үг | history of Iran |
| 653 ## - Түлхүүр үг | |
| Түлхүүр үг | Ilkhanid dynasty |
| 653 ## - Түлхүүр үг | |
| Түлхүүр үг | politics and government |
| 653 ## - Түлхүүр үг | |
| Түлхүүр үг | social change |
| 740 ## - НОМЫН ГАРЧИГ | |
| Гарчиг | The Sources The Charismatic Authority of Chinggis Khan |
| 740 ## - НОМЫН ГАРЧИГ | |
| Гарчиг | The Problem of Succession (1227-59) The Toluid Coup and the Patrimonial State |
| 740 ## - НОМЫН ГАРЧИГ | |
| Гарчиг | Hülegü and the Ilkhanate Collegial Rule in the Early Ilkhanate (1265-84) |
| 740 ## - НОМЫН ГАРЧИГ | |
| Гарчиг | The Patrimonialist Revival and the Fight for Political Primacy (1284-1304) Ghazan-The Messiah King |
| 740 ## - НОМЫН ГАРЧИГ | |
| Гарчиг | Amirate or Sultanate? The Chinggisid Legacy |
| 942 ## - ЭЛЕМЕНТИЙН ТӨРӨЛ | |
| Зүйлийн төрөл | Ном |
